000 00229nam a22001217a 4500
020 _a81-8153-340-1
082 _a001
_bRAI/H
245 _aHISTORY
260 _aDELHI
_bRAINBOW
300 _a16
650 _aGK
_zDELHI
942 _cBK
999 _c6211
_d6211